Most expensive football transfers - Born in 2002 - Statistics

General Stats
  • This quiz has been taken 25 times
  • The average score is 7 of 10
Answer Stats
Fee (M €) Season Nationality Left Joined Player % Correct
90,00 2023-2024 Croatia RB Leipzig Manchester City Josko Gvardiol
100%
36,80 2021-2022 Croatia Dinamo Zagreb RB Leipzig Josko Gvardiol
100%
47,00 2023-2024 England Manchester City Chelsea Cole Palmer
91%
60,00 2023-2024 Belgium Stade Rennais Manchester City Jérémy Doku
91%
40,00 2023-2024 Netherlands Bayern Munich Liverpool Ryan Gravenberch
86%
45,00 2023-2024 France Olympique Lyon Paris SG Bradley Barcola
64%
35,00 2022-2023 England PSV Eindhoven Chelsea Noni Madueke
55%
38,00 2022-2023 Portugal Sporting CP Paris SG Nuno Mendes
55%
40,00 2020-2021 Portugal FC Porto Wolverhampton Fábio Silva
50%
37,20 2023-2024 England Southampton Newcastle Tino Livramento
45%
No matching quizzes found
Score Distribution
Percent of People with Each Score
Percentile by Number Answered
Your Score History
You have not taken this quiz